Certifikácia systémov manažérstva ako konkurenčná výhoda diplomová práca

Guardado en:
Detalles Bibliográficos
Autor principal: Abrahámová, Gabriela
Autor Corporativo: Obchodná fakulta EU. Katedra tovaroznalectva a kvality tovaru
Otros Autores: Karkalíková, Marta
Formato: Libro
Lenguaje:eslovaco
Publicado: Bratislava 2014
Etiquetas: Agregar Etiqueta
Sin Etiquetas, Sea el primero en etiquetar este registro!

MARC

LEADER 00000nbm a2200000 4500
001 0185932
005 20170201093920.0
041 0 |a slo 
044 |a SK 
245 1 0 |a Certifikácia systémov manažérstva ako konkurenčná výhoda  |b diplomová práca  |c Gabriela Abrahámová ; školiteľ: Marta Karkalíková 
264 1 |a Bratislava  |c 2014 
300 |a 68 s. 
100 1 |a Abrahámová, Gabriela 
700 1 |a Karkalíková, Marta 
710 2 |a Obchodná fakulta EU. Katedra tovaroznalectva a kvality tovaru